| 000 | 01022nas a2200325 4500 | ||
|---|---|---|---|
| 001 | BR0402259 | ||
| 003 | BR-BrBNA | ||
| 005 | 20231205104529.0 | ||
| 007 | ta | ||
| 008 | 230509b bl.|||p| |||| 00| 00por d | ||
| 040 |
_aBR-BrBNA _bpor _cBiblioteca Nacional de Agricultura |
||
| 041 | _a(Pt) | ||
| 072 | _aL53; L74 | ||
| 100 | 1 | _aMachado, P.F. | |
| 100 | 1 | _aRezende, J. | |
| 100 | 1 | _aCassoli, L.D. | |
| 100 | 1 | _aSoriano, S. | |
| 100 | 1 | _aCoelho, K.O. | |
| 245 | 1 | _aEfeito do cloprostenol sódico (Ciosin®)sobre parâmetros reprodutivos e produtivos no pós-parto de vacas leiteiras com ou sem retenção de placenta | |
| 650 | _aVACA LEITEIRA | ||
| 650 | _aRETENÇÃO DE PLACENTA | ||
| 650 | _aPÓS-PARTO | ||
| 650 | _aEFICIÊNCIA REPRODUTIVA | ||
| 650 | _aMEDICAMENTO | ||
| 650 | _aTRATAMENTO | ||
| 650 | _aESTATÍSTICA | ||
| 773 | 0 |
_tHora Veterinária (Brazil) _xISSN 0101-9163 _g(Sep-Oct 2003), v. 23(135) p. 44-46 _wBR0402259 |
|
| 909 |
_a202311 _bLúcia _c55 _dLúcia Elande |
||
| 942 |
_2AGRIS _n0 _cANA |
||
| 999 |
_c178559 _d178559 |
||